ATP 2025 Winners - Statistiques

Statistiques générales
  • Ce quiz a été pris 77 fois
  • Le résultat moyen est 19 sur 35
Statistiques - réponses
Tournois Joueurs % Correct
RotterdamMonte-Carlo Rome Roland-Garros Queen’s Cincinnati US Open Tokyo Carlos Alcaraz
100%
Open d’AustralieWimbledon Beijing Vienne Paris ATP Finals Jannik Sinner
98%
Munich Alexander Zverev
91%
Almaty Daniil Medvedev
80%
MadridStockholm Casper Ruud
78%
GenèveAthènes Novak Djoković
78%
StuttgartEastbourne Taylor Fritz
76%
Barcelone Holger Rune
74%
HalleGstaad Kitzbühel Hangzhou Alexander Bublik
72%
Toronto Ben Shelton
72%
Indian Wells Jack Draper
72%
Washington Alex de Minaur
69%
Doha Andrey Rublev
65%
Marseille Ugo Humbert
65%
Shanghai Valentin Vacherot
65%
Dubaï Stefanos Tsitsipas
63%
AdelaïdeMontpellier Bruxelles Félix Auger-Aliassime
59%
Auckland Gaël Monfils
57%
Buenos AiresBâle João Fonseca
57%
Hong Kong Alexandre Müller
54%
Miami Jakub Mensik
52%
Metz Learner Tien
46%
Rio Sebastián Báez
44%
MarrakechBåstad Umag Luciano Darderi
43%
DallasLos Cabos Denis Shapovalov
41%
Brisbane Jiri Lehecka
41%
Majorque Tallon Griekspoor
39%
BucarestHambourg Flavio Cobolli
31%
Acapulco Tomas Machac
31%
Chengdu Alejandro Tabilo
26%
Houston Jenson Brooksby
22%
Delray Beach Miomir Kecmanović
22%
Santiago Laslo Djere
19%
‘s-Hertogenbosch Gabriel Diallo
17%
Winston-Salem Márton Fucsovics
17%
Aucun quiz correspondant
Distribution des résultats
% des personnes avec chaque résultat
Percentile par nombre de réponses
Votre historique - résultats
Vous n’avez pas pris ce quiz